000 00526nam a2200169 i 4500
001 94323
003 ES-MaACL
005 20230906181442.0
007 t|
008 050428s1978 sp ||||1| spa d
100 1 _aLora Soria, Federico de.
_974057
245 1 0 _aTécnicas de defensa del medio ambiente /
_cFederico de Lora Soria, Juan Miró Chavarría.
260 _aBarcelona :
_bLabor,
_c1978.
300 _a2 v. :
_bil. ;
_c29 cm.
700 1 _aMiró Chavarría, Juan.
_981614
852 _aES-MaACL
_jA-10523-24
_bR.100069
999 _c94323
_d94323